| 000 | 00000nas##2200000za#4500 |
| 001 | 9.509683 |
| 003 | CaOODSP |
| 005 | 20200325104357 |
| 007 | he |||||||||| |
| 008 | 150406c1991||||xxc|| m b||||f| |0fre|d |
| 022 | |a0527-6497 |
| 040 | |aCaOODSP|bfre |
| 041 | |aeng |
| 041 | |afre |
| 043 | |an-cn--- |
| 086 | 1 |aT51-7M |
| 110 | 1 |aCanada.|bTransports Canada. |bAviation. |
| 245 | 10|aRegistre d'immatriculation des aéronefs civils canadiens / |h[microforme]|cPublié par la Direction de l'inspection et licences aéronautiques. |
| 260 | |aOttawa - Ontario : |bTransports Canada. |
| 310 | |aMensuel |
| 500 | |aLes titres des volumes ne sont pas mentionnés dans l'édition sur microfiche. |
| 538 | |aLecteur de microfiches requis |
| 546 | |aBilingue |
| 791 | |tCanadian civil aircraft register / |eeng|w(CaOODSP)9.509682 |